| 000 | 00821nam a2200253 i 4500 | ||
|---|---|---|---|
| 001 | 000027378 | ||
| 003 | DO-SdBNP | ||
| 005 | 20250401112511.0 | ||
| 007 | ta | ||
| 008 | 110331e1983 dr g 000 0 spa d | ||
| 040 |
_aDO-SdBNP _bspa _cBNPHU _erda |
||
| 082 | 4 |
_axx _bM516b _222 |
|
| 100 | 1 |
_aMejía-Ricart G., Tirso, _d1936-2021 _q(Mejía-Ricart Guzmán) _eautor _4aut. _91569 |
|
| 245 | 1 | 0 |
_aBreve historia dominicana : _buna síntesis crítica. / _cTirso Meja-Ricart G. |
| 250 | _aTercera edición | ||
| 264 |
_aSanto Domingo : _bEditora Alfa y Omega, _c1983. |
||
| 300 |
_a48 páginas : _bpartitura musical _c21 cm. |
||
| 336 |
_atexto _btxt _2rdacontent |
||
| 337 |
_asin mediación _bn _2rdamedia |
||
| 338 |
_avolumen _bnc _2rdacarrier |
||
| 590 | _aInventariado 2024 / YL | ||
| 910 | _aYLockward | ||
| 942 |
_2ddc _cLF2 |
||
| 999 |
_c26870 _d26870 |
||